<?xml version="1.0" encoding="UTF-8"?>
<marc:record xmlns:marc="http://www.loc.gov/MARC21/slim">
   <marc:leader>00000nam a2200000 a 4500</marc:leader>
   <marc:datafield ind1="1" ind2=" " tag="100">
      <marc:subfield code="a">Benvenuti, Nicole</marc:subfield>
      <marc:subfield code="4">aut</marc:subfield>
      <marc:subfield code="e">Verfasser/-in</marc:subfield>
   </marc:datafield>
   <marc:datafield ind1="0" ind2="0" tag="245">
      <marc:subfield code="a">Heiter bis wechselhaft</marc:subfield>
   </marc:datafield>
   <marc:datafield ind1="0" ind2="0" tag="245">
      <marc:subfield code="b">Das Buch zum Podcast über die wunderbaren Wechseljahre</marc:subfield>
   </marc:datafield>
   <marc:datafield ind1="0" ind2="0" tag="245">
      <marc:subfield code="c">Benvenuti, Nicole</marc:subfield>
   </marc:datafield>
   <marc:datafield ind1=" " ind2="1" tag="264">
      <marc:subfield code="a">[S.l.] @</marc:subfield>
      <marc:subfield code="b">edition V</marc:subfield>
      <marc:subfield code="c">2026</marc:subfield>
   </marc:datafield>
   <marc:datafield ind1="1" ind2=" " tag="520">
      <marc:subfield code="a">Ich frage mich für euch durch die Wechseljahre, denn aufgeklärte Frauen treffen die besseren Entscheidungen für ihre Gesundheit.&#xD;
Hitzewallungen, Brainfog, Gelensschmerzen, Herzklopfen, Stimmungschwankungen oder Trockenheit an Stellen, über die man nicht gerne spricht. Die Wechseljahre betreffen jede Frau - und doch fühlen sich viele in dieser Zeit schlecht informiert und oft allein gelassen. Diese Lebensphase ist keine Befindlichkeit, sonder eine komplexe hormonelle Umstellung mit Auswirkungen auf Partnerschaften, Familien und Arbeitswelt.</marc:subfield>
   </marc:datafield>
   <marc:datafield ind1=" " ind2=" " tag="020">
      <marc:subfield code="a">9783903240896</marc:subfield>
      <marc:subfield code="9">9783903240896</marc:subfield>
   </marc:datafield>
   <marc:datafield ind1=" " ind2=" " tag="041">
      <marc:subfield code="a">ger</marc:subfield>
   </marc:datafield>
   <marc:datafield ind1=" " ind2=" " tag="338">
      <marc:subfield code="a">Band</marc:subfield>
   </marc:datafield>
   <marc:datafield ind1=" " ind2=" " tag="300">
      <marc:subfield code="a">304 Seiten</marc:subfield>
   </marc:datafield>
</marc:record>
